| Tag |
First Indicator |
Second Indicator |
Subfields |
| LEADER |
00000cam a2200000Ia 4500 |
| 001 |
in00001999708 |
| 005 |
20220105141652.0 |
| 006 |
m d |
| 007 |
cr cnu---unuuu |
| 008 |
040310s2004 dcua sb 001 0 eng d |
| 020 |
|
|
|a 0309527627 (electronic bk.)
|
| 035 |
|
|
|a (OCoLC)ocm54672798
|
| 040 |
|
|
|a N$T
|c N$T
|d OCLCQ
|d UtOrBLW
|
| 043 |
|
|
|a n-us---
|
| 049 |
|
|
|a IKMN
|
| 050 |
1 |
4 |
|a LB1028.25.U6
|b N39 2004eb
|
| 082 |
0 |
4 |
|a 370/.7/2
|2 22
|
| 110 |
2 |
|
|a National Research Council (U.S.).
|b Panel on Learning and Instruction.
|0 http://id.loc.gov/authorities/names/n2003116520
|
| 245 |
1 |
0 |
|a Learning and instruction :
|b a SERP research agenda /
|c Panel on Learning and Instruction, Strategic Education Research Partnership ; M. Suzanne Donovan and James W. Pellegrino, editors.
|
| 264 |
|
1 |
|a Washington, D.C. :
|b National Academies Press,
|c [2004]
|
| 264 |
|
4 |
|c ©2004
|
| 300 |
|
|
|a xv, 188 pages :
|b illustrations ;
|c 26 cm.
|
| 336 |
|
|
|a text
|b txt
|2 rdacontent
|
| 337 |
|
|
|a computer
|b c
|2 rdamedia
|
| 338 |
|
|
|a online resource
|b cr
|2 rdacarrier
|
| 500 |
|
|
|a "Division of Behavioral and Social Sciences and Education, National Research Council of the National Academies."
|
| 504 |
|
|
|a Includes bibliographical references (pages 152-166) and index.
|
| 533 |
|
|
|a Electronic reproduction.
|b Boulder, Colo. :
|c NetLibrary,
|d 2004.
|n Available via World Wide Web.
|n Access may be limited to NetLibrary affiliated libraries.
|
| 500 |
|
|
|a Electronic resource.
|
| 650 |
|
0 |
|a Education
|x Research
|z United States.
|0 http://id.loc.gov/authorities/subjects/sh2008119002
|
| 650 |
|
0 |
|a Reading
|z United States.
|0 http://id.loc.gov/authorities/subjects/sh2008110487
|
| 650 |
|
0 |
|a Mathematics
|x Study and teaching
|z United States.
|0 http://id.loc.gov/authorities/subjects/sh85082162
|
| 650 |
|
0 |
|a Science
|x Study and teaching
|z United States.
|0 http://id.loc.gov/authorities/subjects/sh85118593
|
| 655 |
|
7 |
|a Electronic books.
|2 local
|
| 700 |
1 |
|
|a Donovan, Suzanne.
|0 http://id.loc.gov/authorities/names/n82237387
|
| 700 |
1 |
|
|a Pellegrino, James W.
|0 http://id.loc.gov/authorities/names/n84041353
|
| 710 |
2 |
|
|a NetLibrary, Inc.
|0 http://id.loc.gov/authorities/names/no99080690
|
| 776 |
1 |
|
|c Original
|z 0309090814
|z 0309527627
|w (DLC) 2003020850
|w (OCoLC)53162362
|
| 856 |
4 |
1 |
|u https://proxy.library.tamu.edu/login?url=http://www.netLibrary.com/urlapi.asp?action=summary&v=1&bookid=104486
|z Connect to the full text of this electronic book
|t 0
|
| 994 |
|
|
|a 92
|b IKM
|
| 999 |
|
|
|a MARS
|
| 999 |
f |
f |
|s 2dfffd76-bfa5-33ee-80ec-8f283ebb046b
|i b7e48100-c4a6-3c43-a0d6-864ff1b51557
|t 0
|
| 952 |
f |
f |
|a Texas A&M University
|b College Station
|c Electronic Resources
|d Available Online
|t 0
|e LB1028.25.U6 N39 2004eb
|h Library of Congress classification
|
| 998 |
f |
f |
|a LB1028.25.U6 N39 2004eb
|t 0
|l Available Online
|